[Event "Ruhrgebiet VK1 1213"]
[Site "Nordrheinwestfalen"]
[Date "2013.04.28"]
[Round "9.8"]
[White "Jenderny, Dietmar"]
[Black "Adolph, Thomas"]
[Result "0-1"]
[WhiteElo "1844"]
[BlackElo "1802"]
[PlyCount "92"]
[EventDate "2012.09.02"]
[EventType "team-tourn"]
[EventRounds "9"]
[EventCountry "GER"]
[SourceTitle "EXT 2020"]
[Source "ChessBase"]
[SourceDate "2019.10.17"]
[SourceVersion "1"]
[SourceVersionDate "2019.10.17"]
[SourceQuality "1"]
[WhiteTeam "Wattenscheid SV IV"]
[BlackTeam "Weisse Dame Borbeck II"]
[WhiteTeamCountry "GER"]
[BlackTeamCountry "GER"]

1. Nf3 e6 2. g3 d5 3. Bg2 Nf6 4. b3 Nc6 5. d4 Ne4 6. 0-0 Bd6 7. Bb2 Ne7 8. Nfd2 Nxd2 9. Nxd2 c6 10. e4 Ng6 11. c4 Be7 12. f4 dxe4 13. Bxe4 Bf6 14. Nf3 h5 15. Bxg6 fxg6 16. h4 c5 17. Qc2 cxd4 18. Qxg6+ Kf8 19. Rad1 Rh6 20. Qe4 Bd7 21. Bxd4 Qc7 22. Ne5 Be8 23. Rd2 a5 24. Rfd1 a4 25. b4 Kg8 26. Bc5 Bxe5 27. fxe5 Rg6 28. Kh2 Rg4 29. Qe2 Bg6 30. Rd4 Bf5 31. Qf3 Qf7 32. Rxg4 hxg4 33. Qf4 Qc7 34. Rd6 Rc8 35. Qd4 b6 36. Rxb6 Rd8 37. Bd6 Qf7 38. Qf2 Qg6 39. c5 Be4 40. Rb8 Rxb8 41. Bxb8 Bc6 42. b5 Bxb5 43. Qg2 Qe8 44. Bd6 Bc6 45. Qc2 Qf7 46. Qd3 Qf2# 0-1